Làm chủ windows server 2003
Đã lưu trong:
| Hovedforfatter: | |
|---|---|
| Format: | Bog |
| Sprog: | Undetermined |
| Udgivet: |
Hà Nội
Thống Kê
2005
|
| Fag: | |
| Tags: |
Tilføj Tag
Ingen Tags, Vær først til at tagge denne postø!
|
| Thư viện lưu trữ: | Trung tâm Học liệu Trường Đại học Cần Thơ |
|---|
| LEADER | 00579nam a2200205Ia 4500 | ||
|---|---|---|---|
| 001 | CTU_74884 | ||
| 008 | 210402s9999 xx 000 0 und d | ||
| 020 | |b 135000 | ||
| 020 | |c 139000 | ||
| 082 | |a 005.446 | ||
| 082 | |b D513/T1 | ||
| 100 | |a Phạm, Hoàng Dũng | ||
| 245 | 0 | |a Làm chủ windows server 2003 | |
| 245 | 0 | |c Phạm Hoàng Dũng, Hoàng Đức Hải | |
| 260 | |a Hà Nội | ||
| 260 | |b Thống Kê | ||
| 260 | |c 2005 | ||
| 650 | |a windows ( computer programs ) | ||
| 904 | |i Nguyên | ||
| 980 | |a Trung tâm Học liệu Trường Đại học Cần Thơ | ||